Diccionario de Lingüistica

Sábháilte in:
Sonraí bibleagrafaíochta
Príomhchruthaitheoir: Munin, Georges
Formáid: Téacs
Foilsithe / Cruthaithe: Buenos Aires: Labor
Clibeanna: Cuir clib leis
Níl clibeanna ann, Bí ar an gcéad duine le clib a chur leis an taifead seo!

MARC

LEADER 00000 a a2200000 04500
001 24828
003
040
090 |a R 178500  
100 |a Munin, Georges  
245 |a Diccionario de Lingüistica  
260 |a Buenos Aires:   |b Labor  
300 |a 249 p.  
999 |c 10858  |d 10858